The Cambridge English Course 2 : Practice Book /

Na minha lista:
Detalhes bibliográficos
Main Authors: Swan, Michael (Author), Walter, Catherine (Author)
Formato: Livro
Idioma:inglês
Publicado em: Praha : Státní pedagogické nakladatelství, 1991
Tags: Adicionar Tag
Sem tags, seja o primeiro a adicionar uma tag!

MARC

LEADER 00000nam a22000003a 4500
001 stu23027
005 20150617225751.5
008 941221s1991----cs------------------eng-d
020 |a 80-04-25925-1 
040 |a STU  |b slo 
041 0 |a eng 
044 |a cs 
080 |a 802.0 
100 1 |a Swan, Michael  |4 aut 
245 1 |a The Cambridge English Course 2 :  |b Practice Book /  |c [aut.]Swan,Michael, Walter,Catherine 
260 |a Praha :  |b Státní pedagogické nakladatelství,  |c 1991 
300 |a 141 s :  |b Obr.,tab 
700 1 |a Walter, Catherine  |4 aut 
996 |b C93423  |c C*93423  |l CCXVII  |s P  |a 0  |w stu23027_0001